<?xml version="1.0" encoding="UTF-8"?>
<record
    xmlns:xsi="http://www.w3.org/2001/XMLSchema-instance"
    xsi:schemaLocation="http://www.loc.gov/MARC21/slim http://www.loc.gov/standards/marcxml/schema/MARC21slim.xsd"
    xmlns="http://www.loc.gov/MARC21/slim">

  <leader>01504cam a2200301 a 4500</leader>
  <controlfield tag="005">20110307132933.0</controlfield>
  <datafield tag="010" ind1=" " ind2=" ">
    <subfield code="a">B-425058</subfield>
  </datafield>
  <datafield tag="020" ind1=" " ind2=" ">
    <subfield code="a">8173050953</subfield>
    <subfield code="c">2250.00</subfield>
  </datafield>
  <datafield tag="035" ind1=" " ind2=" ">
    <subfield code="a">B-425058</subfield>
  </datafield>
  <datafield tag="037" ind1=" " ind2=" ">
    <subfield code="b">Researchco Book Centre</subfield>
  </datafield>
  <datafield tag="043" ind1=" " ind2=" ">
    <subfield code="a">-</subfield>
  </datafield>
  <datafield tag="082" ind1="0" ind2="0">
    <subfield code="a">755.945211095413</subfield>
  </datafield>
  <datafield tag="100" ind1="1" ind2=" ">
    <subfield code="a">Fischer, Eberhard,</subfield>
    <subfield code="9">32079</subfield>
  </datafield>
  <datafield tag="245" ind1="1" ind2="0">
    <subfield code="a">Murals for goddesses and gods :</subfield>
    <subfield code="b">the tradition of Osakothi ritual painting in Orissa, India /</subfield>
    <subfield code="c">Eberhard Fischer and Dinanath Pathy ; preface by Kapila Vatsyayan.</subfield>
  </datafield>
  <datafield tag="260" ind1=" " ind2=" ">
    <subfield code="a">New Delhi :</subfield>
    <subfield code="b">Indira Gandhi National Centre for the Arts ;</subfield>
    <subfield code="a">Z&#xFC;rich :</subfield>
    <subfield code="b">Museum Rietberg,</subfield>
    <subfield code="c">c1996.</subfield>
  </datafield>
  <datafield tag="270" ind1=" " ind2=" ">
    <subfield code="a">Janpath</subfield>
    <subfield code="b">New Delhi</subfield>
    <subfield code="e">110001</subfield>
  </datafield>
  <datafield tag="300" ind1=" " ind2=" ">
    <subfield code="a">224 p. :</subfield>
    <subfield code="b">ill. (some col.), map ;</subfield>
    <subfield code="c">30 cm. (Hb)</subfield>
  </datafield>
  <datafield tag="500" ind1=" " ind2=" ">
    <subfield code="a">Includes bibliographical references (p. 222-224).</subfield>
  </datafield>
  <datafield tag="650" ind1=" " ind2="0">
    <subfield code="a">Hindu gods</subfield>
    <subfield code="z">India</subfield>
    <subfield code="z">Orissa.</subfield>
    <subfield code="9">32080</subfield>
  </datafield>
  <datafield tag="650" ind1=" " ind2="0">
    <subfield code="a">Hindu goddesses</subfield>
    <subfield code="z">India</subfield>
    <subfield code="z">Orissa.</subfield>
    <subfield code="9">32081</subfield>
  </datafield>
  <datafield tag="650" ind1=" " ind2="0">
    <subfield code="a">Hindu gods in art.</subfield>
    <subfield code="9">32082</subfield>
  </datafield>
  <datafield tag="650" ind1=" " ind2="0">
    <subfield code="a">Hindu goddesses in art.</subfield>
    <subfield code="9">32083</subfield>
  </datafield>
  <datafield tag="700" ind1="1" ind2=" ">
    <subfield code="a">Pathy, Dinanath.</subfield>
    <subfield code="9">30501</subfield>
  </datafield>
  <datafield tag="942" ind1=" " ind2=" ">
    <subfield code="2">ddc</subfield>
    <subfield code="c">EN</subfield>
    <subfield code="h">755.945211095413</subfield>
    <subfield code="m">FIS</subfield>
  </datafield>
  <datafield tag="999" ind1=" " ind2=" ">
    <subfield code="c">54560</subfield>
    <subfield code="d">54560</subfield>
  </datafield>
  <datafield tag="952" ind1=" " ind2=" ">
    <subfield code="0">0</subfield>
    <subfield code="1">0</subfield>
    <subfield code="4">0</subfield>
    <subfield code="7">1</subfield>
    <subfield code="8">REF</subfield>
    <subfield code="a">L</subfield>
    <subfield code="b">L</subfield>
    <subfield code="d">2011-08-09</subfield>
    <subfield code="e">Researchco Book Centre/RBC-22386/2011-12/14.3.11/76/4.3.11/23.3.11</subfield>
    <subfield code="g">2250.00</subfield>
    <subfield code="l">0</subfield>
    <subfield code="o">755.945211095413 FIS</subfield>
    <subfield code="p">B-425058</subfield>
    <subfield code="r">2011-08-09 00:00:00</subfield>
    <subfield code="t">1</subfield>
    <subfield code="v">2250.00</subfield>
    <subfield code="w">2011-08-09</subfield>
    <subfield code="y">EN</subfield>
  </datafield>
</record>
